Normal view MARC view

Entry Personal Name

Number of records used in: 1

001 - CONTROL NUMBER

  • control field: 45230

003 - CONTROL NUMBER IDENTIFIER

  • control field: OSt

005 - DATE AND TIME OF LATEST TRANSACTION

  • control field: 20240515164225.0

008 - FIXED-LENGTH DATA ELEMENTS

  • fixed length control field: 240515|| aca||aabn | a|a d

040 ## - CATALOGING SOURCE

  • Original cataloging agency: OSt
  • Transcribing agency: OSt

100 ## - HEADING--PERSONAL NAME

  • Personal name: Dutta, Rajib

670 ## - SOURCE DATA FOUND

  • Source citation: Work cat.: (OSt)524134: Dutta, Rajib , Budgeting as the instrument of public policy: Ruminating over five budgets of Indian union from 2016-17

Powered by Koha